000 00587nam a2200229Ia 4500
003 OSt
005 20220928130940.0
006 a|||||r|||| 00| 0
007 ta
008 220927b |||||||| |||| 00| 0 eng d
024 _a112612
037 _cTextual
040 _aSDCL
_cSDCL
_beng
041 _2eng
_aeng
082 _aXM5:(Z2), P0
100 _aKuchhal M C
245 0 _aModern Indian company law.
260 _aDelhi
_bShree Mahavir Book
_c2000
300 _axxiii,407p
_ccm.
942 _hXM5:(Z2), P0
_cTEXL
_2CC
999 _c789148
_d789148